书目信息 |
| 题名: |
生物传感器
|
|
| 作者: | 张先恩 编著 | |
| 分册: | ||
| 出版信息: | 北京 化学工业出版社 2006 |
|
| 页数: | 392页 | |
| 开本: | 26cm | |
| 丛书名: | 现代生物技术丛书 | |
| 单 册: | ||
| 中图分类: | TP212.3 | |
| 科图分类: | ||
| 主题词: | 生物传感器 | |
| 电子资源: | ||
| ISBN: | 7-5025-6919-7 | |
| 000 | 00938oam2 2200265 450 | |
| 001 | 012007535526 | |
| 005 | 20070522171127.23 | |
| 010 | @a7-5025-6919-7@dCNY59.00 | |
| 100 | @a20070514d2006 km y0chiy0120 ea | |
| 101 | 0 | @achi |
| 102 | @aCN@b110000 | |
| 105 | @aa z 001yy | |
| 106 | @ar | |
| 200 | 1 | @a生物传感器@Asheng wu chuan gan qi@f张先恩编著@Fzhang xian en bian zhu |
| 210 | @a北京@c化学工业出版社@d2006 | |
| 215 | @a392页@c图@d26cm | |
| 225 | 2 | @a现代生物技术丛书 |
| 300 | @a“十五”国家重点图书 | |
| 330 | @a本书系统地介绍了生物传感器的基本原理、类型、特点、应用、研究进展和发展前沿,包括生物传感器的生物分子敏感元件基础及其固定化方法,电化学、微热学、半导体、声波、光学、表面等离子体共振等各种原理的生物传感器等。 | |
| 461 | 0 | @12001 @a现代生物技术丛书 |
| 606 | 0 | @a生物传感器 |
| 690 | @aTP212.3@v4 | |
| 701 | 0 | @a张先恩@Azhang xian en@f(1954~)@4编著 |
| 801 | 0 | @aCN@bRULIN@c20070522 |
| 905 | @dTP212.3@e18@s8 | |
| 生物传感器/张先恩编著.-北京:化学工业出版社,2006 |
| 392页:图;26cm.-(现代生物技术丛书) |
| “十五”国家重点图书 |
| ISBN 7-5025-6919-7:CNY59.00 |
| 本书系统地介绍了生物传感器的基本原理、类型、特点、应用、研究进展和发展前沿,包括生物传感器的生物分子敏感元件基础及其固定化方法,电化学、微热学、半导体、声波、光学、表面等离子体共振等各种原理的生物传感器等。 |
| ● |
| 相关链接 |
|
|
|
|
正题名:生物传感器
索取号:TP212.3/18
 
预约/预借
| 序号 | 登录号 | 条形码 | 馆藏地/架位号 | 状态 | 备注 |
| 1 | 0574181 | 205741811 | 第二样本阅览室/ [索取号:TP212.3/18] | 在馆 | |
| 2 | 0574182 | 205741820 | 第三借阅区/ [索取号:TP212.3/18] | 在馆 | |
| 3 | 0574183 | 205741839 | 第三借阅区/ [索取号:TP212.3/18] | 在馆 | |
| 4 | 0574184 | 205741848 | 第三借阅区/ [索取号:TP212.3/18] | 在馆 | |
| 5 | 0574185 | 205741857 | 第三借阅区/ [索取号:TP212.3/18] | 在馆 | |
| 6 | 0574186 | 205741866 | 第三借阅区/ [索取号:TP212.3/18] | 在馆 | |
| 7 | 0574187 | 205741875 | 第三借阅区/ [索取号:TP212.3/18] | 在馆 | |
| 8 | 0574188 | 205741884 | 第三借阅区/ [索取号:TP212.3/18] | 在馆 |